Michael Jordan Quiz - Statistics

General Stats
  • This quiz has been taken 71 times
    65 since last reset
  • The average score is 9 of 10
Answer Stats
Question Answer % Correct
What other legendary players did Jordan play with to form a "big 3"? Scottie Pippen and Dennis Rodman
100%
What Team did Jordan play on other than the Bulls? Washington Wizards
100%
What sport did Michael play other than basketball? Baseball
97%
What college did Jordan play for? North Carolina
97%
Who coached MJ and the Bulls in their 6x NBA championships during the 90s? Phil Jackson
97%
What was his addiction? Gambling
85%
Who famously broke Jordan's ankles? Allen Iverson
82%
In 1996, what record did Michael and the Chicago Bulls break? Most wins in a season
82%
What famous move did MJ create? The Fadaway
65%
What number did Jordan for only one game because somebody had hidden his iconic 23 jersey in the ceiling, forcing him to wear a different jersey that didn't have his name on it? 12
59%
No matching quizzes found
Score Distribution
Percent of People with Each Score
Percentile by Number Answered
Your Score History
You have not taken this quiz since the last reset